01009nam a2200229 a 450000100100000000500170001000800410002704000250006808200260009310000330011924501060015225000110025826000640026930000320033359000760036565100430044170000350048491000370051904900090055695201970056599900170076200003479820200930073918.0111020s1992 pr 000 0 spa d aDO-SdBNPbspacBNPHU aPR861.44bM433L, 19921 aMatos Paoli, Francisco9921010aLuz de los heroes /cFrancisco Matos Paoli ; recopilación y ordenación de Isabel Freire de Matos. a3a ed. aSan Juan, Puerto Rico, :bTaller Grpafico Gongolí,c1992. aii, 112 p. :bil. ;c21 cm. aPerteneció a la biblioteca personal de Juan Isidro Jimenes Grullón. 4aPuerto RicoxHistoriaxPoesía96031012aFreire de Matos, Isabel924966 aValidado. Control de calidad MFF aBNGR 001050718MOaGRbGRcHDd2011-10-20iLF1l0oPR861.44 M433L, 1992p34798-10r2020-06-25w2020-06-25y1zPerteneció a la biblioteca personal de Juan Isidro Jimenes GrullónZNo se presta c34289d34289